000 01066nam a22002657a 4500
999 _c153351
_d153351
005 20190710161255.0
010 _aENG-123371 B-705538 B-710589
020 _c825.00
_a9789352832163
035 _aEN-106903
035 _aB-705538
035 _aB-710589
037 _bDBAD/PUB
037 _bRK Books
_adpl
082 _a000
100 _aAggarwal, R.S.
245 0 0 _aA modern approach to verbal & non-verbal reasoning /
_cby R.S. Aggarwal
250 _aRev. ed.
260 _aNew Delhi
_bS. Chand and Company
_c2018
270 _a7361, Ram Nagar, Qutab Road
_bNew Delhi
_e110055
300 _avarious paging
_c27cm(pbk)
_bill.
500 _auseful for campus interviews also.
942 _2ddc
_cEN
_mAGG
_h000